00912nam a2200241Ia 450000500170000000800410001704000190005804100120007708200160008910000190010524500630012426000410018730000260022844000360025450400730029065000330036370000220039685000100041894200070042899900170043595201030045295201150055520221213121713.0131103s9999 xx 000 0 und d aLoreto College aEnglish a812.52bONE aO'Neill,Eugene 4aThe Later plays of Eugene O'Neillcedited by Travis Bogard aNew YorkbThe Modern Librarycc 1967 axxxii,409 p.b illus. aModern Library College Editions aAb,Wilderness!/A touch of the poet/Hughie/A Moon for the Misbegotten aAmerican Drama - Collections aBogard,Travis,ed. aLCLIB cBK c11727d62206 00102ddc4070aMAINbMAINd2013-11-04l0o812.52 ONE 28036pB11635r2013-11-04w2013-11-04yBKf 00102ddc4070aMAINbMAINd2013-11-04l1o812.52 ONE 16602pB16703r2025-05-13s2025-05-07w2013-11-04yBKf